ბათუმის შოთა რუსთაველის სახელმწიფო უნივერსიტეტის ბიბლიოთეკა

ფიქრო მე რომ გითვალთვალე (ბიბ.ჩანაწერი № 42991)

000 -LEADER
fixed length control field 00924nam a2200229Ia 4500
001 - CONTROL NUMBER
control field 9708
003 - CONTROL NUMBER IDENTIFIER
control field GE_BSU
008 - FIXED-LENGTH DATA ELEMENTS--GENERAL INFORMATION
fixed length control field 181216s||||||||xx |||||||||||||| ||und||
040 ## - CATALOGING SOURCE
Transcribing agency GE_BSU
080 ## - UNIVERSAL DECIMAL CLASSIFICATION NUMBER
Universal Decimal Classification number 821.353.1-4+821.353.1-92
100 ## - MAIN ENTRY--PERSONAL NAME
Personal name ნარიმანიძე,სილოვან
245 ## - TITLE STATEMENT
Title ფიქრო მე რომ გითვალთვალე
245 ## - TITLE STATEMENT
Remainder of title ნარკვევები,წერილები,ჩანახატები
245 ## - TITLE STATEMENT
Statement of responsibility, etc. რედ:ნუნუ ხომერიკი,მხატვ:.სპარტაკ ცინცაძე
260 ## - PUBLICATION, DISTRIBUTION, ETC.
Place of publication, distribution, etc. თბილისი.
260 ## - PUBLICATION, DISTRIBUTION, ETC.
Name of publisher, distributor, etc. მერანი.
260 ## - PUBLICATION, DISTRIBUTION, ETC.
Date of publication, distribution, etc. 1977
300 ## - PHYSICAL DESCRIPTION
Extent 231გვ;20სმ
653 ## - INDEX TERM--UNCONTROLLED
Uncontrolled term ნარკვევები,წერილები,ჩანახატები
653 ## - INDEX TERM--UNCONTROLLED
Uncontrolled term ფიქრო მე რომ გითვალთვალე
942 ## - ADDED ENTRY ELEMENTS (KOHA)
Koha item type წიგნი
ეგზემპლარები
Withdrawn status Lost status Damaged status Not for loan Date acquired Barcode Date last seen Price effective from Koha item type
        2018-12-17 32802 2018-12-17 2018-12-17 წიგნი